01116nam a2200289 i 450000100060000000300090000600500170001500800390003201500180007104000280008904100130011708000120013010000500014224501120019224600600030426000560036430000330042038000170045350400260047065000220049665000210051870000510053970000510059071000420064170000450068385600980072812949KOSZ 00520220406130420.0071008s1970 pl a f 000 0 pol aPB 1970/11365 aWA NcWA NdKOSZ 005/RW1 apolhrus a547:5371 aMinkin, Vladimir Isakovičd(1935- ).eAutor10aMomenty dipolowe w chemii organicznej /cW. I. Minkin, O. A. Osipow, J. A. Żdanow ; tł. Jerzy Prochorow.1 iTyt. oryg. :aDipol'nye momenty v organičeskoj himii. aWarszawa :bPaństwowe Wydawnictwo Naukowe,c1970. a294, [2] s. :bil. ;c23 cm. aKsiążki. aBibliogr. przy rozdz. 4aChemia organiczna 4aPole elektryczne1 aOsipov, Osip Aleksandrovičd(1913- ).eAutor1 aŽdanov, Ûrij Andreevičd(1919- ).eAutor2 aPaństwowe Wydawnictwo Naukowe4pbl.1 aProchorow, Jerzyd(1938- )eTłumaczenie uhttp://koha.tu.koszalin.pl/cgi-bin/koha/opac-detail.pl?biblionumber=12949yKatalog online BPK